[Event "AUTO-INT-2671"]
[Site "http://www.queenalice.com/game.php?id=1196104"]
[Date "2013.7.1"]
[Round "1"]
[White "Cristianov"]
[Black "WMazzini"]
[Result "1-0"]
[WhiteElo "1806"]
[BlackElo "1245"]

1. e4 e5 2. Nf3 Nc6 3. Bc4 Nf6 4. d3 d5 5. exd5 Bb4+ 6. c3 Bc5 7. dxc6 bxc6 8.
Nxe5 Be6 9. Nd2 Nd7 10. Nxc6 Qc8 11. Bxe6 fxe6 12. Ne4 Qa6 13. Nb4 Bxb4 14. cxb4
O-O 15. O-O Ne5 16. Nc5 Qc6 17. d4 Ng6 18. Qb3 Rae8 19. Bd2 Nh4 20. Qh3 Ng6 21.
Rae1 Qd5 22. Nxe6 Rf7 23. Ng5 Nf4 24. Rxe8+ Rf8 25. Qxh7# 1-0

[Event "AUTO-INT-2671"]
[Site "http://www.queenalice.com/game.php?id=1196119"]
[Date "2013.7.1"]
[Round "1"]
[White "josedesouza"]
[Black "Cristianov"]
[Result "0-1"]
[WhiteElo "1629"]
[BlackElo "1825"]

1. d4 Nf6 2. Nc3 d5 3. e3 Bf5 4. Be2 e6 5. Nf3 Nbd7 6. Bb5 Bd6 7. O-O O-O 8. Bd3
Bxd3 9. Qxd3 e5 10. Qd1 h6 11. dxe5 Nxe5 12. Nxd5 Nxf3+ 13. Qxf3 Nxd5 14. Qxd5
Bxh2+ 15. Kxh2 Qxd5 16. g3 Rfe8 17. b3 Re5 18. c4 Rh5+ 0-1

[Event "AUTO-INT-2671"]
[Site "http://www.queenalice.com/game.php?id=1196120"]
[Date "2013.7.1"]
[Round "1"]
[White "Cristianov"]
[Black "josedesouza"]
[Result "1-0"]
[WhiteElo "1780"]
[BlackElo "1629"]

1. d4 d5 2. c4 Nf6 3. cxd5 Qxd5 4. Nc3 Qd8 5. e4 Bd7 6. e5 Ng4 7. Bc4 Qc8 8. Nf3
h6 9. h3 Nxf2 10. Kxf2 e6 11. Be3 a6 12. Rf1 b5 13. Bb3 Be7 14. d5 c6 15. d6 Bf8
16. Ne4 g5 17. Nf6+ 1-0

[Event "AUTO-INT-2671"]
[Site "http://www.queenalice.com/game.php?id=1196131"]
[Date "2013.7.1"]
[Round "1"]
[White "Cristianov"]
[Black "Diplomata"]
[Result "1-0"]
[WhiteElo "1923"]
[BlackElo "1544"]

1. d4 d5 2. c4 Nf6 3. cxd5 Qxd5 4. Nc3 Qd8 5. e4 e6 6. Bf4 Bb4 7. Bd3 Nbd7 8.
Nf3 c6 9. O-O Nh5 10. Bg5 Qc7 11. d5 cxd5 12. exd5 exd5 13. Nxd5 Qd6 14. Qe2+
Kf8 15. Be7+ Qxe7 16. Nxe7 Bxe7 17. Rfe1 Nf4 18. Qxe7+ Kg8 19. Bc4 h6 20. Qxf7+
Kh7 21. Qxf4 Nf6 22. Bd3+ Kg8 23. Qc4+ Kf8 24. Bg6 1-0

[Event "AUTO-INT-2671"]
[Site "http://www.queenalice.com/game.php?id=1196132"]
[Date "2013.7.1"]
[Round "1"]
[White "Diplomata"]
[Black "Cristianov"]
[Result "0-1"]
[WhiteElo "1542"]
[BlackElo "1925"]

1. d4 Nf6 2. Nc3 e6 3. f3 d5 4. Bf4 Bd6 5. e3 O-O 6. Qd2 c5 7. Nb5 Bxf4 8. exf4
cxd4 9. Nxd4 Nc6 10. b3 Qb6 11. a3 Qxd4 12. Qxd4 Nxd4 13. Bd3 Bd7 14. Ne2 Nxe2
15. Bxe2 Rac8 16. Rc1 d4 17. O-O Nd5 18. g3 Ne3 19. Rfe1 Nxc2 20. a4 Nb4 21.
Rcd1 Nc2 22. Rf1 Ne3 23. Rxd4 Nxf1 24. Bxf1 Bc6 25. Be2 Rfd8 26. Rc4 Rd2 27. Rc3
Rxe2 28. b4 Rd8 29. Kf1 Rxh2 30. Kg1 Ra2 31. Rc1 Bxf3 0-1

[Event "Let's Play Chess!"]
[Site "http://www.queenalice.com/game.php?id=1196344"]
[Date "2013.7.7"]
[Round "-"]
[White "Cristianov"]
[Black "Eggchaser"]
[Result "1-0"]
[WhiteElo "1667"]
[BlackElo "1897"]

1. d4 Nf6 2. c4 g6 3. Nc3 d5 4. cxd5 Nxd5 5. e4 Nxc3 6. bxc3 Bg7 7. Bc4 c5 8.
Ne2 O-O 9. O-O Nc6 10. Be3 Qc7 11. Rb1 Rd8 12. d5 b6 13. Qc1 Ne5 14. Bb3 c4 15.
Bc2 e6 16. dxe6 Bxe6 17. Nd4 Bd7 18. Bf4 Qb7 19. Qa3 Nd3 20. Bxd3 cxd3 21. f3
Rdc8 22. Rfd1 1-0

[Event "Let's Play Chess!"]
[Site "http://www.queenalice.com/game.php?id=1197748"]
[Date "2013.7.7"]
[Round "-"]
[White "PatricioKM"]
[Black "Cristianov"]
[Result "0-1"]
[WhiteElo "1500"]
[BlackElo "1769"]

1. e4 c6 2. d4 d5 3. Nc3 dxe4 4. Nxe4 Bf5 5. f3 Nf6 6. Nxf6+ exf6 7. Bc4 Bd6 8.
Qe2+ Be7 9. Be3 O-O 10. O-O-O Qc7 11. f4 Nd7 12. Nf3 Bd6 13. g3 Rfe8 14. h3 Nb6
15. a3 Nxc4 16. Qxc4 Rxe3 17. Nh4 Be6 18. Qf1 Bd5 19. Rg1 g6 20. Re1 Rxe1+ 21.
Qxe1 c5 22. dxc5 Bxc5 23. Rf1 Rc8 24. Nf3 Be3+ 25. Kb1 Qxc2+ 26. Ka1 Qb3 27. Qb1
Rc2 28. Ne1 Rc1 29. Qxc1 Qa2# 0-1

[Event "Let's Play Chess!"]
[Site "http://www.queenalice.com/game.php?id=1198660"]
[Date "2013.7.10"]
[Round "-"]
[White "Cristianov"]
[Black "spawnwolfwolverine"]
[Result "1-0"]
[WhiteElo "1806"]
[BlackElo "1699"]

1. d4 d5 2. c4 dxc4 3. e3 e6 4. Bxc4 Nc6 5. Nf3 g6 6. Nc3 Bd7 7. O-O Bg7 8. e4
Nge7 9. Bg5 O-O 10. d5 exd5 11. Nxd5 Bxb2 12. Rb1 Bg7 13. Rxb7 Be6 14. Nxe7+
Nxe7 15. Qxd8 Rfxd8 16. Bxe6 fxe6 17. Bxe7 Rdb8 18. Rxc7 Rb2 19. a3 Rab8 20. Ng5
Rb1 21. Bb4 Rb2 22. Nxe6 Bf6 23. f4 R2xb4 24. axb4 Rxb4 25. e5 Bh8 26. Rd1 Rb8
27. Rdd7 Rb1+ 28. Kf2 Bxe5 29. fxe5 Rf1+ 30. Kxf1 a5 31. Rd8# 1-0

[Event "Let's Play Chess!"]
[Site "http://www.queenalice.com/game.php?id=1198661"]
[Date "2013.7.10"]
[Round "-"]
[White "spawnwolfwolverine"]
[Black "Cristianov"]
[Result "0-1"]
[WhiteElo "1709"]
[BlackElo "1837"]

1. e4 c6 2. d3 d5 3. exd5 cxd5 4. b3 e5 5. Bb2 Nc6 6. Nd2 Bf5 7. Ngf3 Bd6 8. Be2
Nf6 9. O-O Qc7 10. c4 O-O 11. g3 Rfe8 12. a4 a5 13. cxd5 Nxd5 14. Nc4 Bc5 15. d4
exd4 16. Bxd4 Nxd4 17. Nxd4 Bxd4 18. Rc1 Nc3 19. Rxc3 Bxc3 20. Qd6 Qxd6 21. Nxd6
Bh3 22. Nxe8 Rxe8 23. Bb5 Bxf1 24. Kxf1 Re1+ 25. Kg2 Rb1 26. h4 Rxb3 27. f4 Kf8
28. g4 Rxb5 29. axb5 a4 30. g5 a3 31. b6 a2 32. g6 hxg6 33. f5 a1=Q 34. h5 gxh5
35. f6 Bxf6 36. Kf3 Qd4 37. Kg2 Qd3 38. Kg1 Qe2 39. Kh1 Qf1+ 40. Kh2 Be5# 0-1

[Event "Let's Play Chess!"]
[Site "http://www.queenalice.com/game.php?id=1199763"]
[Date "2013.7.16"]
[Round "-"]
[White "Cristianov"]
[Black "igorjava"]
[Result "1-0"]
[WhiteElo "1899"]
[BlackElo "1860"]

1. d4 e6 2. c4 Nf6 3. Nf3 c6 4. Nc3 d5 5. Bg5 dxc4 6. e4 Be7 7. Bxc4 b5 8. Bd3
O-O 9. O-O Bb7 10. Qc2 Qc7 11. Bxf6 Bxf6 12. e5 Be7 13. Bxh7+ Kh8 14. Bd3 a6 15.
Ne4 Nd7 16. Rac1 Rfc8 17. Neg5 Kg8 18. Bxb5 g6 19. Bd3 Kg7 20. Bxg6 Bxg5 21.
Nxg5 Nf8 22. Bxf7 Qe7 23. h4 Rd8 24. Rfd1 Bc8 25. Qe4 Bb7 26. Qg4 Nh7 27. Nxh7+
Kxf7 28. Qh5+ Kg7 29. Rd3 Qf7 30. Rg3+ 1-0

[Event "Let's Play Chess!"]
[Site "http://www.queenalice.com/game.php?id=1200103"]
[Date "2013.7.16"]
[Round "-"]
[White "igorjava"]
[Black "Cristianov"]
[Result "0-1"]
[WhiteElo "1860"]
[BlackElo "1882"]

1. e4 c6 2. d4 d5 3. e5 Bf5 4. Nf3 e6 5. c4 Nd7 6. c5 f6 7. Bd3 Bxd3 8. Qxd3
fxe5 9. dxe5 Bxc5 10. a3 Ne7 11. b4 Bb6 12. Bb2 O-O 13. O-O Ng6 14. a4 Bc7 15.
Re1 Qe7 16. b5 Rf5 17. g4 Rf4 18. h3 Raf8 19. Nbd2 Nh4 20. Nxh4 Qxh4 21. Qg3 Qg5
22. f3 Nxe5 23. h4 Qf6 24. Re3 h5 25. Rae1 hxg4 26. Bxe5 Bxe5 27. Rxe5 gxf3 28.
Rxe6 f2+ 29. Qxf2 Rg4+ 30. Kf1 Qxf2# 0-1

[Event "Challenge"]
[Site "http://www.queenalice.com/game.php?id=1201168"]
[Date "2013.7.19"]
[Round "-"]
[White "landscapsy"]
[Black "Cristianov"]
[Result "0-1"]
[WhiteElo "1756"]
[BlackElo "1852"]

1. d4 Nf6 2. c4 e6 3. a3 d5 4. cxd5 exd5 5. g3 Be7 6. Bg2 O-O 7. Nh3 Bf5 8. Nc3
Qd7 9. Nf4 c6 10. O-O Na6 11. b4 Nc7 12. Re1 a5 13. bxa5 Rxa5 14. Bd2 Rxa3 15.
Rxa3 Bxa3 16. Qb3 Bd6 17. Qxb7 Bxf4 18. Bxf4 Ne6 19. Be5 Qxb7 20. Bxf6 gxf6 21.
e4 dxe4 22. Nxe4 Kg7 23. Nd6 Qb4 24. Nxf5+ Kg6 25. Nh4+ Kh5 26. Nf3 Nxd4 27. Rc1
Ne2+ 0-1

[Event "Challenge"]
[Site "http://www.queenalice.com/game.php?id=1202559"]
[Date "2013.7.26"]
[Round "-"]
[White "Cristianov"]
[Black "landscapsy"]
[Result "1-0"]
[WhiteElo "1868"]
[BlackElo "1756"]

1. d4 d5 2. c4 c6 3. Nf3 Bg4 4. Ne5 Bh5 5. Qb3 b6 6. Nc3 Nf6 7. e3 e6 8. Bd3 Bd6
9. cxd5 cxd5 10. Bb5+ Nfd7 11. Nxd5 Bxe5 12. dxe5 O-O 13. Nf4 Bg4 14. Bd2 Nxe5
15. Bc3 Nf3+ 16. gxf3 Bxf3 17. Rg1 g6 18. Be2 Bxe2 19. Kxe2 Qh4 20. Nxe6 Rc8 21.
Qd5 Na6 22. Ng5 Rf8 23. Qe5 f6 24. Qe6+ Kg7 25. Qe7+ Kh6 26. Qxh7# 1-0

[Event "OS INCLIVEIS"]
[Site "http://www.queenalice.com/game.php?id=1211710"]
[Date "2013.8.27"]
[Round "-"]
[White "adelio"]
[Black "Cristianov"]
[Result "0-1"]
[WhiteElo "1738"]
[BlackElo "1914"]

1. b4 e5 2. b5 d5 3. Bb2 d4 4. e4 c5 5. Nf3 Bd6 6. Na3 Nf6 7. Nc4 O-O 8. Be2
Nxe4 9. h4 f5 10. Nfxe5 Bxe5 11. Nxe5 Qe7 12. Nf3 Nd7 13. d3 Nd6 14. Nxd4 cxd4
15. Bxd4 Nxb5 16. Bb2 Qb4+ 17. Kf1 Qxb2 18. d4 Qxd4 19. Bxb5 Qxd1+ 20. Rxd1 Ne5
21. f4 Ng4 22. Bc4+ Kh8 23. Rh3 g6 24. Rhd3 Kg7 25. Rd8 Ne3+ 26. Kf2 Nxc4 27.
Rxf8 Kxf8 28. Rd8+ Kg7 29. Kf3 Nb6 30. g4 Bd7 31. Rxa8 Nxa8 32. g5 Kf7 33. a3
Ke6 34. Ke3 Kd5 35. Kd3 Bb5+ 36. Ke3 Nb6 37. Kf3 Nc4 38. Kg3 Ke4 39. c3 Nxa3 40.
h5 Nc2 41. hxg6 hxg6 42. c4 Bxc4 43. Kh4 Kf3 44. Kh3 a5 45. Kh2 a4 46. Kh3 a3
47. Kh4 a2 48. Kh3 a1=Q 49. Kh2 Ne3 50. Kh3 Qh8# 0-1

[Event "AUTO-INT-2671"]
[Site "http://www.queenalice.com/game.php?id=1225284"]
[Date "2013.10.17"]
[Round "2"]
[White "Cristianov"]
[Black "Dalri_Ultreya"]
[Result "1-0"]
[WhiteElo "1927"]
[BlackElo "1756"]

1. d4 d5 2. c4 Bf5 3. cxd5 Qxd5 4. Nc3 Qd8 5. e4 Bg6 6. Nf3 e6 7. Ne5 Ne7 8. d5
exd5 9. exd5 Bf5 10. Qb3 b6 11. Bb5+ Bd7 12. d6 1-0

[Event "AUTO-INT-2671"]
[Site "http://www.queenalice.com/game.php?id=1225285"]
[Date "2013.10.17"]
[Round "2"]
[White "Dalri_Ultreya"]
[Black "Cristianov"]
[Result "0-1"]
[WhiteElo "1727"]
[BlackElo "1976"]

1. d4 Nf6 2. Nf3 d5 3. Bf4 Bf5 4. e3 e6 5. a3 c5 6. Bb5+ Nc6 7. O-O a6 8. Bd3
Bg4 9. h3 Bxf3 10. Qxf3 cxd4 11. exd4 Nxd4 12. Qe3 Nc6 13. c3 Bd6 14. Bxd6 Qxd6
15. b4 O-O 16. Rd1 Ne5 17. Be2 Rac8 18. a4 Nc4 19. Qd3 Nb2 20. Qd2 Nxd1 21. Bxd1
Ne4 22. Qe3 Qc7 23. Ra3 Rfd8 24. f3 Nd6 25. Qe1 Nc4 26. Ra2 d4 27. a5 Qf4 28.
Rc2 dxc3 29. Rxc3 Qd4+ 30. Kh2 Qxd1 31. Rc1 Qxe1 32. Rxe1 Rd3 33. Re4 Rb3 34.
Re1 Rxb4 35. Rc1 Rd8 36. Nc3 g6 37. Ne4 Kg7 38. Nc5 Nxa5 39. Ra1 Nc6 40. Ne4 f5
41. Nc5 Kf6 42. Re1 e5 43. Kg3 a5 44. Ra1 Rd5 45. Na4 b5 46. Nb6 Rd2 47. h4 Rbb2
48. Rg1 Nd4 49. Nd7+ Ke7 50. Nxe5 Ne2+ 0-1

[Event "AUTO-INT-2671"]
[Site "http://www.queenalice.com/game.php?id=1225286"]
[Date "2013.10.17"]
[Round "2"]
[White "Cristianov"]
[Black "PauloRezendeCXG"]
[Result "1-0"]
[WhiteElo "1936"]
[BlackElo "2057"]

1. d4 Nf6 2. c4 e6 3. Nf3 d5 4. Nc3 Bb4 5. Bg5 O-O 6. e3 c6 7. Bd3 Nbd7 8. O-O
h6 9. Bh4 Be7 10. Qc2 b6 11. cxd5 cxd5 12. Nb5 Ba6 13. Qa4 Bxb5 14. Qxb5 a6 15.
Qb3 b5 16. Rac1 Rc8 17. a4 bxa4 18. Qxa4 Rb8 19. Qxa6 Rxb2 20. Bg3 Qb6 21. Rc7
Bd6 22. Bxd6 Re8 23. Bg3 g5 24. Rfc1 Kg7 25. Qa4 Qb3 26. Bc2 Qa2 27. Qxa2 Rxa2
28. Bd3 Rea8 29. h4 g4 30. Ne5 Nxe5 31. Bxe5 Rd2 32. Bb5 Raa2 33. Bxf6+ Kxf6 34.
Be8 g3 35. Rxf7+ 1-0

[Event "AUTO-INT-2671"]
[Site "http://www.queenalice.com/game.php?id=1225287"]
[Date "2013.10.17"]
[Round "2"]
[White "PauloRezendeCXG"]
[Black "Cristianov"]
[Result "0-1"]
[WhiteElo "2036"]
[BlackElo "1957"]

1. d4 Nf6 2. e4 Nxe4 3. f3 Nf6 4. Be3 d5 5. Bd3 e6 6. Ne2 Bd6 7. O-O O-O 8. c3
Nbd7 9. Nd2 c5 10. Rc1 cxd4 11. cxd4 e5 12. Bg5 Qb6 13. Nb3 exd4 14. Kh1 h6 15.
Bh4 Re8 16. Nexd4 Ne5 17. Bxf6 Nxd3 18. Qxd3 Bf4 19. Rce1 Rxe1 20. Rxe1 gxf6 21.
Re8+ Kg7 22. Qb5 Qc7 23. Qc5 Qxc5 24. Nxc5 b6 25. Nd3 Bc7 26. Nb4 Bb7 27. Re7
Rc8 28. g3 Kf8 29. Re1 Be5 30. Nbc2 Rc4 31. Rd1 Bc8 32. f4 Bg4 33. Rd2 Bxd4 34.
Nxd4 Ke7 35. Kg2 Kd6 36. b3 Rc1 37. h3 Bd7 38. g4 a5 39. f5 Ke5 40. Kf3 Rc3+ 41.
Kg2 Ke4 42. Ne2 Rc5 43. Kf2 Bb5 44. Ng3+ Kf4 45. Rd4+ Ke5 46. Rd2 d4 47. Kf3
Rc3+ 48. Kf2 d3 49. Ke3 Rc1 50. Rh2 Rg1 51. Nh5 Re1+ 52. Kd2 Rf1 53. Ng3 Rg1 54.
Nh5 Kd4 55. Rf2 Ra1 56. Rf4+ Ke5 57. a4 Ra2+ 58. Kd1 Ba6 59. Kc1 Rh2 60. Rf3 d2+
61. Kc2 d1=Q+ 0-1